000 00609nam a2200217 i 4500
001 55004
003 ES-MaACL
005 20230906163050.0
007 t|
008 030911s1979 sp ||||1| spa d
020 _a2-7007-0156-9
100 1 _aDeleule, Didier.
_943376
245 1 0 _aHume et la naissance du libéralisme économique /
_cDidier Deleule.
260 _aParis :
_bAubier Montaigne,
_c[1979]
300 _a414 p. ;
_c22 cm.
490 1 _aAnalyse et raisons
500 _aIndice.
830 0 _aAnalyse et raisons
_9183886
852 _aES-MaACL
_jL-11434
_bR.112915
999 _c55004
_d55004